[Event "17. Op C"]
[Site "Padova"]
[Date "2014.12.21"]
[Round "6.12"]
[White "Brandes, Michele"]
[Black "Belloni, Umberto"]
[Result "1/2-1/2"]
[WhiteElo "1443"]
[BlackElo "1799"]
[Annotator "Gabriele Ballarin"]
[PlyCount "119"]
[EventDate "2014.12.13"]
[EventType "swiss"]
[EventRounds "6"]
[EventCountry "ITA"]

1. c4 e5 2. Nc3 c5 3. g3 Nc6 4. Bg2 d6 5. Nf3 Be6 6. d3 Be7 7. O-O Qd7 8. e4 Bg4 9. Nd5 Bd8 10. Rb1 Nge7 11. Ne3 Bh5 12. Nc2 a5 13. a3 f6 14. Be3 Bg4 15. Qd2 Bxf3 16. Bxf3 Nd4 17. Bxd4 exd4 18. Rfe1 Nc6 19. b4 axb4 20. axb4 Ne5 21. Bg2 Nc6 22. bxc5 dxc5 23. e5 O-O 24. Bd5+ Kh8 25. e6 Qe7 26. Rb2 Ba5 27. Qc1 Bxe1 28. Nxe1 Nb4 29. Qb1 Ra4 30. Nc2 Rfa8 31. Kg2 R8a7 32. Nxb4 cxb4 33. Qc2 Qc5 34. Bxb7 Kg8 35. Bd5 Kf8 36. Qe2 g6 37. Qf3 Kg7 38. Re2 R4a6 39. Qe4 Re7 40. g4 g5 41. f4 h6 42. fxg5 hxg5 43. h4 gxh4 44. g5 Raxe6 45. gxf6+ Rxf6 46. Qxe7+ Qxe7 47. Rxe7+ Kh6 48. Re4 (48. Rb7) 48... Rb6 49. Rxh4+ (49. c5 Rb5 50. Rxh4+ Kg5 51. Rxd4 Rxc5 52. Kf3) 49... Kg5 50. Rh1 Kf4 51. Kf2 b3 52. Rb1 b2 53. Ke2 Rh6 54. Be4 Rh2+ 55. Kd1 Ke3 56. c5 Rd2+ 57. Ke1 Rc2 58. Kd1 Rd2+ 59. Ke1 Rc2 60. Kd1 1/2-1/2

[Event "17.Città di Padova Open A"]
[Site "Padova"]
[Date "2014.12.14"]
[Round "1.6"]
[White "Dvirnyy, Danyyil"]
[Black "Quaranta, Cristiano"]
[Result "1-0"]
[WhiteElo "2515"]
[BlackElo "2169"]
[Annotator "Gabriele Ballarin"]
[PlyCount "117"]
[EventDate "2014.12.14"]
[EventType "swiss"]
[EventRounds "9"]
[EventCountry "ITA"]
[SourceTitle "The Week in Chess 1049"]
[Source "Mark Crowther"]
[SourceDate "2014.12.15"]
[SourceVersion "1"]
[SourceVersionDate "2014.12.15"]
[SourceQuality "2"]

1. e4 c5 2. b3 Nc6 3. Bb2 e5 4. Bc4 d6 5. Ne2 g6 6. O-O Bg7 7. Nbc3 Nge7 8. a4 O-O 9. Nd5 Kh8 10. f4 f5 11. d3 Rb8 12. Qd2 b6 13. Nxe7 Qxe7 14. Rae1 fxe4 15. dxe4 Be6 16. Bd5 Nd4 17. fxe5 Nxe2+ 18. Qxe2 Bxe5 19. Bxe5+ dxe5 20. Qc4 Bd7 21. Qa6 Rxf1+ (21... Kg7 22. a5 Be8 23. Ra1 Rxf1+ 24. Kxf1 b5 25. Kg1 Rd8 26. Rf1 Rd6 27. c3 Rf6 28. Qc8 Rxf1+ 29. Kxf1 Kf6 30. Kg1 Kg5 31. Qa6 h5 32. g3 Kh6 33. h4 Kg7 34. Kg2 Bf7 35. Qc8) 22. Rxf1 Be8 23. a5 Kg7 24. Ra1 b5 25. Rf1 Rd8 26. c3 Rd6 27. Qc8 Rf6 28. Rxf6 Kxf6 29. Qa6+ Kg5 30. g3 h5 31. h4+ Kh6 32. Kg2 Kg7 33. Qc8 Bf7 34. Bxf7 Kxf7 35. Qc6 b4 36. cxb4 cxb4 37. Kf3 Kg7 38. Ke2 Kh6 39. a6 Qd8 40. Qc1+ Kh7 41. Qc5 Qb8 42. Qe7+ Kh6 43. Qb7 Qe8 44. Qxa7 Qb5+ 45. Kf2 Qa5 46. Qe3+ Kg7 47. Qa7+ Kh6 48. Qe3+ Kg7 49. a7 Qa2+ 50. Kg1 Qa1+ 51. Kg2 Qa2+ 52. Qf2 Qa1 53. Kh2 Qa6 54. g4 hxg4 55. Qe3 Qa1 56. Kg3 Qa2 57. h5 Qa6 58. hxg6 Qa2 59. Qf2 {1-0 (59) Dvirnyy,D (2515)-Quaranta,C (2169) Padova 2014} 1-0

[Event "17.Città di Padova Open A"]
[Site "Padova"]
[Date "2014.12.14"]
[Round "1.11"]
[White "Santolini, Luigi"]
[Black "Drazic, Sinisa"]
[Result "1/2-1/2"]
[WhiteElo "2115"]
[BlackElo "2440"]
[Annotator "Gabriele Ballarin"]
[PlyCount "166"]
[EventDate "2014.12.14"]
[EventType "swiss"]
[EventRounds "9"]
[EventCountry "ITA"]

1. d4 Nf6 2. c4 c5 3. d5 b5 4. cxb5 a6 5. bxa6 g6 6. Nc3 Bxa6 7. e4 Bxf1 8. Kxf1 d6 9. h3 Bg7 10. Nge2 {Una varuante secondaria, meno incesiva ma più solida delle varianti principali} O-O 11. Kg1 Nbd7 12. Kh2 Qb6 13. Qc2 (13. Rb1) 13... Rfb8 14. Rb1 Ne8 15. Be3 Qa6 (15... Qa5 16. Rhd1 Nc7 17. b3 Nb5 18. Nxb5 Qxb5 $44) 16. Rhd1 Nc7 17. b3 (17. a4 $14) 17... Qa3 (17... Nb5 $44) 18. Bc1 $14 Qa5 19. a4 (19. Bg5 Re8 20. Qd2 Rab8 21. Na4 $14) 19... Rb7 (19... c4 20. Be3 cxb3 21. Rxb3 Rxb3 22. Qxb3 Na6 $44) 20. Bd2 $14 Qa7 21. Be3 Qb8 (21... Qa5) 22. Bg5 Qe8 (22... Kf8 $142 $14) 23. f4 Nb8 24. e5 $5 (24. Bh4 $14) 24... dxe5 $6 (24... f6 25. exd6 exd6 26. Bh4 f5 27. Re1 Qf8 $44) 25. Bxe7 $6 (25. Ne4 $1 h6 26. Bh4 exf4 27. d6 Ne6 28. dxe7 Rxe7 29. Nd6 Qf8 30. Bxe7 $16) 25... Qxe7 26. d6 Qe8 (26... Qf8 $142 $14) 27. dxc7 Rxc7 28. Nb5 Rc6 $6 (28... Re7 29. f5 e4 30. Qxc5 $14) 29. f5 $2 (29. Qe4 $1 Raa6 30. Nec3 Qf8 31. f5 $16) 29... e4 $11 30. Rd5 $6 (30. Kg1 $11) 30... Na6 31. Qc4 Be5+ $6 (31... Nb4 32. Rxc5 Rxc5 33. Qxc5 Nd3 34. Qe3 gxf5 35. g3 Qd7 36. Rd1 Rc8 $15) 32. Kg1 $11 gxf5 33. Rf1 Nb4 $6 (33... Rf6 34. Nf4 $13) 34. Rxc5 $14 Rxc5 35. Qxc5 Nd3 36. Qe3 f4 $2 (36... Rd8 37. Rxf5 f6 38. Nbc3 Qe6 39. Rf1 $14) 37. Qxe4 $16 Rd8 38. Qf5 $6 (38. Kh1 $3 f6 39. Nbd4 Nc5 40. Qc2 Rxd4 41. Qxc5 {e il vantaggio del bianco è vicino ad essere decisivo}) 38... Bg7 $2 (38... f6 39. Qg4+ Kh8 40. Qf3 Qe6 41. Rb1 Qb6+ 42. Kh1 Nb4 $14) 39. Qg4 $2 ({la semplice} 39. Nxf4 Qe3+ 40. Kh2 {con vantaggio decisivo}) 39... Qe3+ 40. Kh2 Re8 $2 (40... Ne5 $1 41. Qg5 f6 42. Qh5 f3 $1 43. Ned4 Qd3 44. Rc1 fxg2 45. Rg1 Rxd4 46. Nxd4 Qxd4 47. Rxg2 $13) 41. Ned4 $2 ({Un punto di domanda tecnico: credo che vedere la combinazione che poteva salvare il nero sarebbe stato difficile per un GM di prima fascia.} 41. Nbd4 $1 $18) 41... h5 42. Qg5 Qe5 $2 (42... Re5 $3 43. Nf5 (43. Qh4 Bf6 $1 44. Qxf6 Qg3+ 45. Kg1 Re1 46. Rxe1 Qxe1+ 47. Kh2 Qg3+) {ed ora Rybka propone questa fantastica variante} 43... Rxf5 $3 44. Qxf5 (44. Qd8+ Kh7 45. Rf3 Nc1 $3 46. Rxe3 fxe3 47. Qd1 Be5+ 48. Kg1 e2 49. Qxc1 Bg3 50. Nd4 Bf2+ 51. Kh2 Bxd4 52. Qb1 Kg8 $1 53. Qxf5 e1=Q $17) 44... Qg3+ 45. Kh1 Ne1 46. Rg1 Nd3 $1 47. Rb1 Ne1 $1 48. Qc8+ Kh7 49. Qf5+ Kh6 50. Rxe1 (50. Qe4 f3) 50... Qxe1+ 51. Kh2 Qg3+ $11) 43. Qxe5 $18 Bxe5 44. Nf3 (44. Nc6 $18) 44... Bf6 (44... f6 45. Nbd4 $18) 45. Nc7 Rb8 46. Nd5 Kg7 (46... Bb2 $5 47. b4 Nxb4 48. Nxb4 Rxb4 49. Rb1 Bc3 50. Rxb4 Bxb4 51. Nd4 f3 52. gxf3 $18) 47. Rb1 Bd8 48. b4 Rb7 49. Rb3 (49. Rd1 $142) 49... Nc5 50. Ra3 Ne6 51. a5 Rb5 52. Rd3 Bc7 53. Kg1 Bb8 54. Kf1 f6 55. Ke2 Kf7 56. Kd2 Ba7 57. Kc3 Rb8 58. Rd1 Rc8+ 59. Kb3 Be3 60. Nxe3 $6 (60. b5 Rc5 61. Nc3 $18) 60... fxe3 61. Re1 Nf4 62. Rxe3 Nxg2 63. Rc3 Ra8 64. Ka4 Nf4 65. b5 Nd5 66. Rc5 Ke6 67. a6 Kd6 68. Rc6+ Kd7 69. Ka5 Re8 70. Rc4 ({Con la "bandierina" ormai in piedi mi ha innervosito la minaccia e1-a1 matto.} 70. Nd4 Re1 71. Nb3 Re3 72. Nc5+ Ke7 73. a7 {è la via più breve alla vittoria}) 70... Re3 71. Nd4 Rxh3 72. b6 (72. Nc2 $18) 72... Ra3+ 73. Kb5 Ra1 74. b7 $4 ({Ormai giocavo con i 30" a mossa e mi è completamente sfuggita la semplice replica del nero. Vincevano facile tutte le altre ad. es.} 74. Rc6 $1) ({o} 74. a7 Rb1+ 75. Nb3 $3) 74... Nc7+ 75. Kc5 Rb1 $1 ({si può ancora perdere con} 75... Nxa6+ $4 76. Kb6 Nb8 77. Rc7+ Kd6 78. Nb5+ Ke6 79. Rc6+ Kd7 80. Rd6+ Ke7 81. Kc7) 76. Ra4 h4 77. a7 Rxb7 78. a8=Q Nxa8 79. Rxa8 Rc7+ 80. Kd5 Rc8 81. Ra7+ Rc7 82. Ra8 Rc8 83. Ra7+ Rc7 ({Dopo} 83... Rc7 84. Rxc7+ Kxc7 85. Ke6 h3 86. Nf3 {il bianco resta con inutile cavallo di vantaggio. Un peccato: credo di aver ben giocato il finale, seppure in maniera troppo lenta e prudente e sono caduto ad un solo passo dal traguardo.}) 1/2-1/2

[Event "17.Città di Padova Open A"]
[Site "Padova"]
[Date "2014.12.14"]
[Round "1.13"]
[White "Redo, Giorgio"]
[Black "Naumkin, Igor"]
[Result "0-1"]
[WhiteElo "2084"]
[BlackElo "2436"]
[Annotator "Gabriele Ballarin"]
[PlyCount "58"]
[EventDate "2014.12.14"]
[EventType "swiss"]
[EventRounds "9"]
[EventCountry "ITA"]

1. f4 d5 2. Nf3 g6 3. e3 Bg7 4. c4 Nf6 5. Nc3 O-O 6. Qb3 e6 7. Be2 c5 8. d4 cxd4 9. exd4 dxc4 10. Qxc4 Nbd7 11. O-O Nb6 12. Qd3 Bd7 13. Ne5 Bc6 14. Be3 Rc8 15. Nxc6 Rxc6 16. Bf3 Nbd5 17. Rfd1 Rd6 18. g4 Nxe3 19. Qxe3 Qb6 20. Qf2 Rfd8 21. Na4 Qb4 22. Nc5 Rxd4 23. Rxd4 Rxd4 24. Rc1 Nxg4 25. Bxg4 Rxf4 26. Nd3 Rxg4+ 27. Kf1 Qe4 28. Rc8+ Bf8 29. Nc5 Qh1+ {abb} 0-1

[Event "17.Città di Padova Open A"]
[Site "Padova"]
[Date "2014.12.14"]
[Round "1.14"]
[White "Valsecchi, Alessio"]
[Black "Pacini, Ermanno"]
[Result "1-0"]
[WhiteElo "2432"]
[BlackElo "2059"]
[Annotator "Gabriele Ballarin"]
[PlyCount "97"]
[EventDate "2014.12.14"]
[EventType "swiss"]
[EventRounds "9"]
[EventCountry "ITA"]

1. e4 c5 2. Nf3 d6 3. Nc3 Nf6 4. h3 a6 5. a4 g6 6. Bc4 Bg7 7. O-O O-O 8. Re1 Nc6 9. d3 Nd4 10. Nxd4 cxd4 11. Ne2 d5 12. exd5 Nxd5 13. Nf4 Nb4 14. Bd2 Nc6 15. a5 e6 16. Bb3 Qd6 17. Qf3 Bd7 18. h4 Ne5 19. Qg3 h5 20. Re2 Ng4 21. Nxh5 Qxg3 22. Nxg3 Nf6 23. Bf4 Bc6 24. Be5 Rfd8 25. f3 Rac8 26. Kf2 Bd5 27. Ba4 Rc5 28. b4 Rc3 29. Ke1 Bc6 30. Bb3 Bb5 31. Bxf6 Bxf6 32. Ne4 Bxh4+ 33. g3 Bxg3+ 34. Nxg3 Bxd3 35. Rd2 Bb5 36. Kf2 Kg7 37. Ne4 Rc7 38. Nc5 e5 39. Re1 Re8 40. Bd5 Bc6 41. Bxc6 Rxc6 42. Rxd4 exd4 43. Rxe8 b6 44. axb6 Rxb6 45. Nd3 Rd6 46. Re5 f6 47. Ra5 Rc6 48. Nc5 Rb6 49. Nxa6 1-0

[Event "17.Città di Padova Open A"]
[Site "Padova"]
[Date "2014.12.14"]
[Round "1.15"]
[White "Viaggi, Stefano"]
[Black "Laketic, Gojko"]
[Result "0-1"]
[WhiteElo "2058"]
[BlackElo "2389"]
[Annotator "Gabriele Ballarin"]
[PlyCount "131"]
[EventDate "2014.12.14"]
[EventType "swiss"]
[EventRounds "9"]
[EventCountry "ITA"]

1. c4 e5 2. Nc3 Nf6 3. g3 Bb4 4. Bg2 O-O 5. e4 Bxc3 6. bxc3 c6 7. Ba3 Re8 8. Ne2 d5 9. cxd5 cxd5 10. exd5 Nxd5 11. O-O Nc6 12. Bb2 Nb6 13. d3 Bf5 14. Nc1 e4 15. dxe4 Bxe4 16. Bxe4 Rxe4 17. Qf3 Qd5 18. Nb3 Ne5 19. Qg2 Re2 20. Qxd5 Nxd5 21. c4 Nxc4 22. Bd4 Nb4 23. Rfe1 Rxe1+ 24. Rxe1 Nc6 25. Bc3 f6 26. Re4 Nd6 27. Re6 Rd8 28. Kg2 Kf7 29. Re2 Nb5 30. Bb2 Rd5 31. h4 h5 32. a3 Nc7 33. f3 Ne6 34. Kf2 Na5 35. Nxa5 Rxa5 36. Re4 Rc5 37. Re2 Rc4 38. Rd2 Ke7 39. Kg1 b6 40. Kh2 Nc5 41. Kh3 Ne6 42. Re2 b5 43. Rd2 a6 44. Re2 Rc8 45. Rd2 Rd8 46. Rc2 Rd3 47. Kg2 Kd7 48. Kf2 a5 49. Ke2 Rb3 50. Kf2 Ke7 51. Re2 Kf7 52. Rc2 Kg6 53. Kg2 a4 54. Kf2 b4 55. axb4 a3 56. Ba1 Rxb4 57. Ra2 Rb3 58. Kg2 Nc5 59. Bd4 Nd3 60. Kh3 Nb4 61. Rf2 Rd3 62. Ba1 Rd1 63. Bc3 Nd5 64. Ba5 Ne3 65. g4 Rf1 66. gxh5+ 0-1

[Event "17.Città di Padova Open A"]
[Site "Padova"]
[Date "2014.12.14"]
[Round "1.16"]
[White "Aghayev, Miragha"]
[Black "Lantini, Marco"]
[Result "1-0"]
[WhiteElo "2372"]
[BlackElo "2057"]
[Annotator "Gabriele Ballarin"]
[PlyCount "43"]
[EventDate "2014.12.14"]
[EventType "swiss"]
[EventRounds "9"]
[EventCountry "ITA"]

1. e4 c5 2. Nf3 e6 3. d4 cxd4 4. Nxd4 a6 5. Bd3 Nf6 6. O-O e5 7. Nf3 d6 8. Bg5 h6 9. Bxf6 Qxf6 10. Nc3 Bg4 11. Be2 Qd8 12. Nd2 Be6 13. Bc4 b5 14. Bxe6 fxe6 15. Qh5+ Kd7 16. f4 Nc6 17. f5 exf5 18. Qxf5+ Kc7 19. Nd5+ Kb7 20. Qe6 Nd4 21. Rf7+ Kc6 22. Qh3 1-0

[Event "17.Città di Padova Open A"]
[Site "Padova"]
[Date "2014.12.14"]
[Round "1.17"]
[White "Messina, Roberta"]
[Black "Basso, Pier Luigi"]
[Result "0-1"]
[WhiteElo "2033"]
[BlackElo "2359"]
[Annotator "Gabriele Ballarin"]
[PlyCount "82"]
[EventDate "2014.12.14"]
[EventType "swiss"]
[EventRounds "9"]
[EventCountry "ITA"]

1. Nf3 c5 2. c4 Nf6 3. Nc3 e6 4. e4 d6 5. d4 cxd4 6. Nxd4 a6 7. f3 Be7 8. Be3 Qc7 9. Be2 Nbd7 10. O-O b6 11. Kh1 Bb7 12. Qd2 O-O 13. Rfc1 Rac8 14. a4 Ne5 15. a5 bxa5 16. Na4 Nfd7 17. Nb3 Nc6 18. Nc3 Nc5 19. Ra3 f5 20. Nxc5 dxc5 21. exf5 Rxf5 22. Ne4 Nd4 23. Rd3 Rh5 24. h3 e5 25. Ng3 Rh4 26. Bg5 Bxg5 27. Qxg5 Rf4 28. Re3 e4 29. Nxe4 h6 30. Qg3 Nf5 31. Qf2 Nxe3 32. Qxe3 Bxe4 33. fxe4 Qe5 34. Bg4 Rcf8 35. Bf3 Qxb2 36. Rd1 a4 37. Qxc5 a3 38. Qd5+ Kh8 39. Qd2 Qxd2 40. Rxd2 Rb8 41. Ra2 Rxf3 0-1

[Event "17.Città di Padova Open A"]
[Site "Padova"]
[Date "2014.12.14"]
[Round "1.18"]
[White "Borgo, Giulio"]
[Black "Krumm, Johannes"]
[Result "1-0"]
[WhiteElo "2357"]
[BlackElo "2014"]
[Annotator "Gabriele Ballarin"]
[PlyCount "58"]
[EventDate "2014.12.14"]
[EventType "swiss"]
[EventRounds "9"]
[EventCountry "ITA"]

1. Nf3 d5 2. d4 Nf6 3. c4 c6 4. e3 a6 5. Nbd2 b5 6. b3 Bg4 7. Be2 Nbd7 8. a4 b4 9. a5 c5 10. O-O e6 11. Bb2 Bd6 12. cxd5 exd5 13. dxc5 Nxc5 14. Nd4 Nd3 15. Bxg4 Nxb2 16. Qe2 Nd3 17. Qxd3 Nxg4 18. N2f3 O-O 19. Rfc1 Qf6 20. Qf5 Qg6 21. Rc6 Rfd8 22. Rac1 Nf6 23. Rb6 Qh6 24. Rcc6 Ne4 25. g3 Nc3 26. Ng5 Qh5 27. Rxd6 Qd1+ 28. Kg2 Rxd6 29. Rxd6 Qf3+ 1-0

[Event "17.Città di Padova Open A"]
[Site "Padova"]
[Date "2014.12.14"]
[Round "1.19"]
[White "Bergamasco, Tommaso"]
[Black "Codenotti, Marco"]
[Result "0-1"]
[WhiteElo "2012"]
[BlackElo "2345"]
[Annotator "Gabriele Ballarin"]
[PlyCount "58"]
[EventDate "2014.12.14"]
[EventType "swiss"]
[EventRounds "9"]
[EventCountry "ITA"]

1. d4 Nf6 2. Bg5 e6 3. e4 h6 4. Bxf6 Qxf6 5. Nf3 d6 6. Nc3 c6 7. d5 e5 8. Be2 Be7 9. Qd2 Nd7 10. O-O-O O-O 11. Kb1 Qg6 12. g4 Nf6 13. Qd3 cxd5 14. Nh4 Qg5 15. Nf5 Bxf5 16. exf5 d4 17. Ne4 Qf4 18. Nxf6+ Bxf6 19. h4 e4 20. Qh3 Qxf2 21. Rh2 Qe3 22. Qg2 Rfc8 23. g5 d3 24. cxd3 Bxb2 25. Qg1 Qxg1 26. Rxg1 Be5 27. Rhg2 Rc6 28. Rc1 Rb6+ 29. Kc2 Bf4 0-1

[Event "17.Città di Padova Open A"]
[Site "Padova"]
[Date "2014.12.14"]
[Round "1.20"]
[White "Bonafede, Alessandro"]
[Black "Karkovic, Mate"]
[Result "1-0"]
[WhiteElo "2339"]
[BlackElo "1999"]
[Annotator "Gabriele Ballarin"]
[PlyCount "135"]
[EventDate "2014.12.14"]
[EventType "swiss"]
[EventRounds "9"]
[EventCountry "ITA"]

1. e4 c5 2. b4 d6 3. bxc5 dxc5 4. Bb2 a6 5. g3 Nc6 6. Bg2 h5 7. Nf3 Bg4 8. h3 Bxf3 9. Bxf3 Qb6 10. Qc1 Nd4 11. Bg2 g6 12. Nc3 e6 13. a4 Bg7 14. a5 Qc7 15. h4 Ne7 16. O-O Nec6 17. Re1 O-O 18. Ne2 Nxa5 19. Nxd4 cxd4 20. d3 Nc6 21. f4 Nb4 22. Ra4 a5 23. e5 Rac8 24. Qb1 Rfd8 25. Rc1 Bf8 26. Be4 b5 27. Ra1 Qb6 28. Kg2 Nd5 29. Kf3 Ne3 30. Ra2 Bb4 31. Ba1 Bc3 32. Bxc3 dxc3 33. Re1 Ng4 34. Re2 Rd4 35. Ra3 a4 36. Ra1 Qc5 37. Qa2 Kg7 38. Qb1 Rb4 39. Qd1 Rd8 40. Qg1 Qxg1 41. Rxg1 Rb2 42. Ra1 Kf8 43. Ra3 Rc8 44. d4 Rc4 45. d5 exd5 46. Bxd5 Rd4 47. Be4 b4 48. Rxa4 Rb1 49. e6 Rdd1 50. e7+ Kxe7 51. Bxg6+ Kf8 52. Bxh5 Nf6 53. Ra5 Rd2 54. Ke3 Nxh5 55. Rxh5 Rbd1 56. Rb5 Rxe2+ 57. Kxe2 Rd2+ 58. Kf3 Rxc2 59. Rxb4 Rc1 60. Rc4 c2 61. Kg4 Kg7 62. Rc6 f6 63. Kf5 Rg1 64. Rxc2 Rxg3 65. Rc7+ Kh6 66. Rf7 Rf3 67. Kg4 Kg6 68. Rxf6+ 1-0

[Event "17.Città di Padova Open A"]
[Site "Padova"]
[Date "2014.12.14"]
[Round "1.21"]
[White "Gallo, Enrico"]
[Black "Bove, Alessandro"]
[Result "0-1"]
[WhiteElo "1982"]
[BlackElo "2326"]
[Annotator "Gabriele Ballarin"]
[PlyCount "124"]
[EventDate "2014.12.14"]
[EventType "swiss"]
[EventRounds "9"]
[EventCountry "ITA"]

1. e4 c5 2. Nf3 Nc6 3. d4 cxd4 4. Nxd4 Nf6 5. Nc3 d6 6. Bg5 a6 7. Qd2 Nxd4 8. Qxd4 Qa5 9. f4 h6 10. Bxf6 gxf6 11. O-O-O h5 12. Bc4 Bh6 13. Rhf1 Bg4 14. Rd3 Rc8 15. Kb1 b5 16. Bb3 b4 17. e5 Qc5 18. Ne4 Qxd4 19. Rxd4 Bxf4 20. exf6 Be5 21. Rxb4 e6 22. Ba4+ Kf8 23. Rb7 Kg8 24. Ng5 Rf8 25. Bb3 Rh6 26. h3 Bxf6 27. Ne4 Bf5 28. Nxd6 Bg6 29. Ra7 Be5 30. Nc4 Bd4 31. Rxa6 Be4 32. Rd1 Bf6 33. Rad6 Bxg2 34. a4 h4 35. a5 Bxh3 36. a6 Bg2 37. Ne3 Bf3 38. Rg1+ Kh8 39. Nf1 Be5 40. Rd2 h3 41. Nh2 Bc6 42. Bc4 f5 43. Re2 Bd4 44. Rd1 Ba7 45. Bxe6 Bb5 46. Re5 Bxa6 47. Rxf5 Re8 48. Bd5 Bb8 49. Ng4 Rh4 50. Nf2 h2 51. Rf7 Bg3 52. Nh1 Be2 53. Rc1 Bf4 54. b3 Bxc1 55. Kxc1 Bh5 56. Rf2 Bg6 57. Kb2 Re1 58. Ng3 Kh7 59. c4 Rh3 60. Nh1 Rb1+ 61. Ka2 Rbxb3 62. Rxh2 Bb1+ 0-1

[Event "17.Città di Padova Open A"]
[Site "Padova"]
[Date "2014.12.14"]
[Round "1.22"]
[White "Dragojlovic, Andjelko"]
[Black "Ballarin, Gabriele"]
[Result "1-0"]
[WhiteElo "2321"]
[BlackElo "1946"]
[Annotator "Gabriele Ballarin"]
[PlyCount "63"]
[EventDate "2014.12.14"]
[EventType "swiss"]
[EventRounds "9"]
[EventCountry "ITA"]

{[%mdl 64] B07: Difesa Pirc: sistemi vari} 1. e4 d6 2. d4 Nf6 3. Nc3 e5 4. Nge2 c6 5. g3 Be7 6. Bg2 Nbd7 7. a4 a5 8. O-O O-O 9. h3 Re8 10. g4 exd4 11. Nxd4 Nc5 12. Re1 Bf8 {[%cal Rc5e4,Re8e4,Rf6e4,Gc3e4,Ge1e4,Gg2e4]} 13. Bg5 h6 14. Bh4 Qb6 (14... g5 $5 15. Bg3 Nfd7 $14) 15. Bxf6 $14 gxf6 16. Qd2 Be6 (16... Qxb2 $4 17. Reb1 Qb4 18. Rxb4 axb4 19. Nce2 $18) 17. Nd1 Rad8 18. Ne3 d5 (18... Qxb2 $4 19. Reb1 Nb3 20. Nxb3 $18 (20. Rxb2 $6 Nxd2 21. Rd1 Nc4 22. Nxc4 Bxc4 $16)) 19. exd5 cxd5 20. Nef5 (20. c3 Nb3 21. Nxb3 Qxb3 22. Nc2 $16) 20... Kh7 $2 (20... Bxf5 $142 $5 21. Nxf5 Qxb2 $14) 21. c3 (21. b3 $5 Nd7 $18) 21... Nb3 $16 22. Nxb3 Qxb3 23. Nd4 Qb6 24. Rad1 Bc5 25. Re2 Rd7 (25... Re7 26. Re3 $16) 26. Qf4 Qd8 (26... Bxd4 27. Rxd4 Kg7 $18) 27. Nxe6 fxe6 28. Rxe6 $1 Rxe6 (28... Rxe6 29. Qf5+) (28... Z0 $140 29. Rxf6) 29. Qf5+ Kg7 30. Qxe6 d4 (30... Rd6 31. Qf5 Qe8 32. Bf3 $18 (32. Bxd5 $6 Qe2 33. Qf3 Qxb2 $18) (32. Rxd5 Qe1+ 33. Kh2 Bxf2 $19)) 31. Qf5 Rc7 (31... Qe7 32. Be4 Kf8 33. Qh5 Qxe4 34. Qxc5+ Kf7 35. Rxd4 Rxd4 36. Qxd4 $18) 32. Be4 (32. Be4 Kh8 33. cxd4 $18) 1-0

[Event "17.Città di Padova Open A"]
[Site "Padova"]
[Date "2014.12.14"]
[Round "1.23"]
[White "Di Lazzaro, Gabriele"]
[Black "Moroni, Luca Jr"]
[Result "0-1"]
[WhiteElo "1941"]
[BlackElo "2321"]
[Annotator "Gabriele Ballarin"]
[PlyCount "62"]
[EventDate "2014.12.14"]
[EventType "swiss"]
[EventRounds "9"]
[EventCountry "ITA"]

1. d4 d5 2. Nc3 Nf6 3. Bg5 e6 4. e4 Bb4 5. e5 h6 6. Be3 Ne4 7. Nge2 c5 8. a3 Nxc3 9. Nxc3 cxd4 10. Qxd4 Be7 11. Qg4 g6 12. O-O-O Nc6 13. f4 Bd7 14. g3 Rc8 15. h4 h5 16. Qe2 a6 17. Qf2 Qc7 18. Bb6 Qb8 19. Be2 Bd8 20. Bxd8 Rxd8 21. g4 hxg4 22. h5 gxh5 23. Bxg4 Qa7 24. Qxa7 Nxa7 25. Bxh5 Nb5 26. Nxb5 Bxb5 27. Bf3 Ke7 28. Rxh8 Rxh8 29. Rh1 Rg8 30. Kd2 Rg3 31. Ke3 d4+ 0-1

[Event "17.Città di Padova Open A"]
[Site "Padova"]
[Date "2014.12.14"]
[Round "1.24"]
[White "Boscolo, Federico Meneguolo"]
[Black "Hocevar, Nikola"]
[Result "1-0"]
[WhiteElo "2303"]
[BlackElo "1913"]
[Annotator "Gabriele Ballarin"]
[PlyCount "75"]
[EventDate "2014.12.14"]
[EventType "swiss"]
[EventRounds "9"]
[EventCountry "ITA"]

1. e4 c5 2. Nf3 g6 3. d4 cxd4 4. Qxd4 Nf6 5. e5 Nc6 6. Qa4 Nd5 7. Qe4 Nb6 8. Nc3 d5 9. exd6 Bf5 10. Qe2 Qxd6 11. Nb5 Qb8 12. Nbd4 Bg4 13. Nxc6 bxc6 14. Qe4 Qc8 15. Ne5 Bf5 16. Qxc6+ Qxc6 17. Nxc6 Bg7 18. c3 Bd7 19. Nd4 O-O 20. Be3 Na4 21. O-O-O Rab8 22. Nb3 Be6 23. Kc2 a5 24. Bf4 Bf5+ 25. Bd3 e5 26. Bxf5 gxf5 27. Bc1 Rb5 28. Rd7 Nb6 29. Rb7 a4 30. Be3 axb3+ 31. axb3 f4 32. Rxb6 Rd5 33. Bc1 Rfd8 34. Re1 Bf8 35. c4 Bc5 36. Rb5 Bxf2 37. Rxd5 Rxd5 38. Re2 1-0

[Event "17.Città di Padova Open A"]
[Site "Padova"]
[Date "2014.12.14"]
[Round "1.25"]
[White "Baschirotto, Marco Dante"]
[Black "Lanzani, Mario"]
[Result "0-1"]
[WhiteElo "1903"]
[BlackElo "2302"]
[Annotator "Gabriele Ballarin"]
[PlyCount "50"]
[EventDate "2014.12.14"]
[EventType "swiss"]
[EventRounds "9"]
[EventCountry "ITA"]

1. d4 d5 2. c4 dxc4 3. Qa4+ Nc6 4. e3 e5 5. Nf3 exd4 6. Nxd4 Bd7 7. Nxc6 Bxc6 8. Qxc4 Nf6 9. Nc3 Bd6 10. Bd2 Qe7 11. f3 Nd7 12. O-O-O Ne5 13. Qe2 O-O-O 14. Nb5 Bc5 15. Kb1 a6 16. Nc3 Nd3 17. e4 Nf2 18. Rc1 Nxh1 19. Be3 Bxe3 20. Qxe3 Qb4 21. Qg1 Rd2 22. Rc2 Rhd8 23. Qxh1 Ba4 24. Rxd2 Rxd2 25. Nxa4 Qxa4 0-1

[Event "17.Città di Padova Open A"]
[Site "Padova"]
[Date "2014.12.14"]
[Round "1.26"]
[White "Vezzosi, Paolo"]
[Black "Zangrando, Gianpietro"]
[Result "1-0"]
[WhiteElo "2291"]
[BlackElo "1867"]
[Annotator "Gabriele Ballarin"]
[PlyCount "63"]
[EventDate "2014.12.14"]
[EventType "swiss"]
[EventRounds "9"]
[EventCountry "ITA"]

1. d4 d5 2. c4 c6 3. Nf3 g6 4. Nc3 Bg7 5. cxd5 cxd5 6. Bf4 Nf6 7. e3 a6 8. Bd3 Nc6 9. O-O O-O 10. h3 Qb6 11. a3 Na5 12. b4 Nc4 13. Qe2 Nd6 14. Rfc1 Bd7 15. Ne5 Bf5 16. Bxf5 Nxf5 17. g4 Nd6 18. g5 Nh5 19. Nxd5 Qd8 20. Rc7 Nf5 21. Rd7 Nxf4 22. exf4 Qc8 23. Qd2 Bxe5 24. dxe5 Rd8 25. Rxd8+ Qxd8 26. Rd1 Qc8 27. Nb6 Nh4 28. Nxc8 Nf3+ 29. Kg2 Nxd2 30. Nxe7+ Kf8 31. Nxg6+ hxg6 32. Rxd2 1-0

[Event "17.Città di Padova Open A"]
[Site "Padova"]
[Date "2014.12.14"]
[Round "1.27"]
[White "Vizireanu, Dragos"]
[Black "De Santis, Alessio"]
[Result "0-1"]
[WhiteElo "1858"]
[BlackElo "2288"]
[Annotator "Gabriele Ballarin"]
[PlyCount "120"]
[EventDate "2014.12.14"]
[EventType "swiss"]
[EventRounds "9"]
[EventCountry "ITA"]

1. e4 b6 2. d4 Bb7 3. Bd3 Nf6 4. Qe2 Nc6 5. c3 e5 6. d5 Ne7 7. Be3 Ng6 8. a3 c6 9. c4 Bc5 10. Bxc5 Nf4 11. Qf3 bxc5 12. Nh3 Nxd3+ 13. Qxd3 cxd5 14. exd5 Qb6 15. Nd2 Rb8 16. Rb1 O-O 17. O-O h6 18. Rfe1 d6 19. f4 Ng4 20. Nf3 exf4 21. Nxf4 Rfe8 22. Qc3 Ba6 23. Nh5 Rxe1+ 24. Rxe1 Qxb2 25. Re8+ Kh7 26. Qd3+ g6 27. Rxb8 Qxb8 28. h3 Bxc4 29. Qxc4 Qb1+ 30. Qf1 Qxf1+ 31. Kxf1 Ne3+ 32. Ke2 Nxd5 33. Ng3 f5 34. Nd2 Nb6 35. Kd3 d5 36. Ne2 Kg7 37. Nc3 Kf6 38. a4 d4 39. Nb5 Nxa4 40. Nxa7 Nb6 41. Nc6 Ke6 42. Na5 Kd5 43. Ndc4 Nd7 44. Nb3 g5 45. Nbd2 h5 46. Nf3 g4 47. Nh4 Ne5+ 48. Nxe5 Kxe5 49. Ng6+ Kf6 50. Nf4 Kg5 51. Ne6+ Kh4 52. hxg4 fxg4 53. Nxc5 Kg3 54. Ne4+ Kxg2 55. Nf6 h4 56. Nxg4 Kg3 57. Nh6 h3 58. Nf5+ Kf4 59. Nxd4 h2 60. Ne2+ Kg4 {abb.} 0-1